000 00972nmm a2200289 a 4500
001 ocm0001916537
003 TR-IsHL
005 20201028175012.0
008 180925s2015 tu tur
007 cr cn
020 _a9786054194858
035 _a1916537
_b(N$T)
050 0 4 _aPJ7862.A49
_bE4519 2015
090 0 4 _aPJ7862.A49
_bE4519 2015
100 1 _aAbdülhamid Cude Es - Sahhar
245 1 0 _aKurtuba prensesi
_h[electronic resource] /
_cAbdülhamid Cude Es - Sahhar ; çeviren, Meryem Solmaz
260 _aİstanbul :
_bİnkılab Yayınları,
_c2015
300 _a216 p.
500 _aÖzgün adı: Emiretü Kurtuba.
650 4 _aDil ve Edebiyat
650 4 _aLanguage and Literature
650 0 _aMısır romanı
650 0 _aEgyptian fiction
650 7 _aLITERARY COLLECTIONS / Middle Eastern
_2bisacsh
700 1 _aSolmaz, Meryem
856 4 0 _uhttp://search.ebscohost.com/login.aspx?direct=true&scope=site&db=e011xww&AN=1916537
999 _c18461
_d18461